Language Quiz

Random Language or French Quiz
Score 0/28 Timer 02:30
0 Plays Today
% Correct
l'imparfait (what was going on ?)
100%
l'imparfait (what was going on ?)
100%
l'imparfait (what was going on ?)
100%
l'imparfait (what was going on ?)
75%
le futur simple (WILL)
75%
l'imparfait (what was going on ?)
75%
le présent
75%
le présent
50%
le présent
50%
le présent
50%
l'imparfait (what was going on ?)
50%
l'imparfait (what was going on ?)
50%
le futur simple (WILL)
50%
le futur simple (WILL)
50%
% Correct
le futur simple (WILL)
50%
le futur simple (WILL)
50%
le conditionnel (WOULD)
50%
le conditionnel (WOULD)
50%
le présent
50%
le futur simple (WILL)
50%
le futur simple (WILL)
50%
le présent
25%
le présent
25%
le conditionnel (WOULD)
25%
le conditionnel (WOULD)
25%
le conditionnel (WOULD)
25%
le conditionnel (WOULD)
25%
le conditionnel (WOULD)
25%

You're not logged in!

Compare scores with friends on all Sporcle quizzes.
OR
Log In

Sporcle TV

Today on Sporcle TV


Watch our educational content, quiz creation guides, and fun videos on Sporcle TV.

Show Comments

Extras

Top Quizzes Today


Score Distribution

Paid Content

Your Account Isn't Verified!

In order to create a playlist on Sporcle, you need to verify the email address you used during registration. Go to your Sporcle Settings to finish the process.

Report this User

Report this user for behavior that violates our Community Guidelines.

Details: